Architectural guide : Aarhus (Record no. 9537)

000 -LEADER
fixed length control field 00365nam a2200145 4500
003 - CONTROL NUMBER IDENTIFIER
control field OSt
005 - DATE AND TIME OF LATEST TRANSACTION
control field 20210702113300.0
008 - FIXED-LENGTH DATA ELEMENTS--GENERAL INFORMATION
fixed length control field 210702b ||||| |||| 00| 0 eng d
020 ## - INTERNATIONAL STANDARD BOOK NUMBER
International Standard Book Number 9783869225616
082 ## - DEWEY DECIMAL CLASSIFICATION NUMBER
Classification number 720.94895
Item number WEI
100 ## - MAIN ENTRY--PERSONAL NAME
Personal name Weissbach, Heiko,
Dates associated with a name 1963-
245 ## - TITLE STATEMENT
Title Architectural guide : Aarhus
260 ## - PUBLICATION, DISTRIBUTION, ETC. (IMPRINT)
Place of publication, distribution, etc Germany
Name of publisher, distributor, etc OM Publishers
Date of publication, distribution, etc 2017
942 ## - ADDED ENTRY ELEMENTS (KOHA)
Source of classification or shelving scheme
Holdings
Withdrawn status Lost status Source of classification or shelving scheme Damaged status Koha normalized classification for sorting Not for loan Permanent location Current location Date acquired Full call number Barcode Date last seen Price effective from Koha item type
        720_948950000000000_WEI   BMS College of Architecture, Design and Planning BMS College of Architecture, Design and Planning 2021-07-02 720.94895 WEI AR-PG465 2021-07-02 2021-07-02 PG Books
Copyright © 2025, The Librarian, Library and Information Centre, BMSCA D&P, Bengaluru. All Rights Reserved
web counter

Powered by Koha